Statistics for Többszörös magyar olimpiai bajnokok

Click here to take the quiz!

General Stats

  • This quiz has been taken 92 times
  • The average score is 9 of 30

Answer Stats

AranyérmekSportágNév% Correct
3úszásHosszú Katinka
87%
3vívásSzilágyi Áron
80%
5úszásEgerszegi Krisztina
62%
6kajak-kenuKozák Danuta
59%
3vízilabdaBenedek Tibor
52%
3ökölvívásPapp László
49%
3vízilabdaKásás Tamás
45%
4úszásDarnyi Tamás
44%
3vízilabdaBiros Péter
35%
7vívásGerevich Aladár
35%
5tornaKeleti Ágnes
31%
3kajak-kenuKovács Katalin
31%
3kajak-kenuJanics Natasa
28%
3vízilabdaKiss Gergely
24%
3vízilabdaSzécsi Zoltán
21%
3öttusaBalczó András
20%
3kajak-kenuKammerer Zoltán
20%
3vízilabdaKárpáti György
18%
3vízilabdaMolnár Tamás
17%
6vívásKovács Pál
15%
3vízilabdaRajcsányi László
15%
6vívásKárpáti Rudolf
11%
4vívásKulcsár Győző
11%
3vívásBerczelly Tibor
10%
3vízilabdaGyarmati Dezső
10%
3kajak-kenuStorcz Botond
10%
3kajak-kenuSzabó Gabriella
8%
3vívásFenyvesi Csaba
6%
4vívásFuchs Jenő
6%
3vívásKabos Endre
6%

Score Distribution

Percentile by Number Answered

Percent of People with Each Score

Your Score History

You have not taken this quiz